[Event "SC-2014-0-00233"]
[Site "LSS email"]
[Date "2014.07.26"]
[Round "?"]
[White "Bascetta, Biagio J"]
[Black "Kirch, Bernhard"]
[Result "0-1"]
[WhiteElo "1550"]
[BlackElo "1822"]
[PlyCount "50"]
[EventDate "2014.06.15"]
[EventType "tourn (corr)"]
[EventRounds "6"]
[EventCountry "GER"]
[SourceTitle "Corr 2015"]
[Source "ChessBase"]
[SourceDate "2015.07.17"]
[SourceVersion "1"]
[SourceVersionDate "2015.07.17"]
[SourceQuality "1"]

1. e4 e5 2. Nf3 Nc6 3. Bb5 Nf6 4. 0-0 Nxe4 5. d4 Be7 6. Qe2 Nd6 7. Bxc6 bxc6 8. dxe5 Nf5 9. Qe4 g6 10. b3 0-0 11. Bb2 a5 12. Nc3 Bb7 13. Rfe1 Re8 14. Qf4 c5 15. Rad1 Ng7 16. Ne4 a4 17. Nfg5 Bxg5 18. Nxg5 Qe7 19. e6 fxe6 20. Qxc7 Bc6 21. Ne4 e5 22. Bc1 axb3 23. axb3 Rac8 24. Qd6 Nf5 25. Nf6+ Kh8 0-1

[Event "SC-2014-0-00228"]
[Site "LSS email"]
[Date "2014.06.10"]
[Round "?"]
[White "Bascetta, Biagio J"]
[Black "Schulz, Hans Juergen"]
[Result "1/2-1/2"]
[WhiteElo "1549"]
[BlackElo "1650"]
[PlyCount "99"]
[EventDate "2014.05.16"]
[EventType "tourn (corr)"]
[EventRounds "6"]
[EventCountry "GER"]
[SourceTitle "Corr 2015"]
[Source "ChessBase"]
[SourceDate "2015.07.17"]
[SourceVersion "1"]
[SourceVersionDate "2015.07.17"]
[SourceQuality "1"]

1. d4 d5 2. Bg5 Nf6 3. Bxf6 exf6 4. e3 Bd6 5. c4 dxc4 6. Bxc4 0-0 7. Nf3 Nc6 8. a3 Qd7 9. Nc3 Qg4 10. 0-0 Qg6 11. Bd3 f5 12. Nb5 Be6 13. Qc2 Qh5 14. Bc4 f4 15. Nxd6 cxd6 16. exf4 Bg4 17. Ng5 Nxd4 18. Qd2 Ne2+ 19. Bxe2 Bxe2 20. Rfe1 Bb5 21. Qxd6 Bc6 22. Rad1 h6 23. Ne4 Rae8 24. f3 Qf5 25. Nc3 Qc2 26. Rxe8 Rxe8 27. Qd2 Qg6 28. Qd3 Qf6 29. g3 Qe6 30. Ne4 Bxe4 31. fxe4 Qb6+ 32. Kg2 Qxb2+ 33. Rd2 Qc1 34. e5 a6 35. Rc2 Qb1 36. h4 b5 37. Kh2 Rf8 38. f5 a5 39. f6 gxf6 40. e6 Kg7 41. exf7 Rxf7 42. Qe2 f5 43. Rc8 Kh7 44. Qe8 Qb2+ 45. Kh3 Qg7 46. Qxb5 Qa1 47. Qc6 Qf1+ 48. Qg2 Qd1 49. Re8 a4 50. Re3 1/2-1/2

[Event "SC-2014-0-00228"]
[Site "LSS email"]
[Date "2014.06.09"]
[Round "?"]
[White "Jansen, Uwe"]
[Black "Bascetta, Biagio J"]
[Result "1-0"]
[WhiteElo "1642"]
[BlackElo "1549"]
[PlyCount "39"]
[EventDate "2014.05.16"]
[EventType "tourn (corr)"]
[EventRounds "6"]
[EventCountry "GER"]
[SourceTitle "Corr 2015"]
[Source "ChessBase"]
[SourceDate "2015.07.17"]
[SourceVersion "1"]
[SourceVersionDate "2015.07.17"]
[SourceQuality "1"]

1. d4 Nf6 2. c4 e6 3. Nc3 Bb4 4. a3 Bxc3+ 5. bxc3 d6 6. f3 e5 7. e4 Nc6 8. Bg5 h6 9. Be3 Qe7 10. Bd3 0-0 11. Ne2 b6 12. 0-0 Na5 13. Ng3 Be6 14. d5 Bc8 15. h3 Bd7 16. f4 Rfe8 17. Ra2 Nb7 18. Raf2 Nd8 19. fxe5 Qxe5 20. Rf3 1-0

[Event "SC-2014-0-00222"]
[Site "LSS email"]
[Date "2014.04.28"]
[Round "?"]
[White "Bascetta, Biagio J"]
[Black "Schulz, Hans Juergen"]
[Result "1-0"]
[WhiteElo "1550"]
[BlackElo "1605"]
[PlyCount "121"]
[EventDate "2014.03.08"]
[EventType "tourn (corr)"]
[EventRounds "6"]
[EventCountry "GER"]
[SourceTitle "Corr 2015"]
[Source "ChessBase"]
[SourceDate "2015.07.17"]
[SourceVersion "1"]
[SourceVersionDate "2015.07.17"]
[SourceQuality "1"]

1. e4 c5 2. Nf3 d6 3. Bb5+ Bd7 4. Bxd7+ Qxd7 5. c4 Nc6 6. Nc3 Nf6 7. 0-0 g6 8. d3 Bg7 9. h3 h6 10. Be3 g5 11. Nh2 e6 12. a3 0-0-0 13. Rb1 Qe7 14. b4 g4 15. hxg4 h5 16. g5 Ng4 17. Bd2 Kb8 18. Nf3 h4 19. Ne1 Nge5 20. f4 Nd7 21. Qg4 f6 22. g6 f5 23. exf5 Nf6 24. Qf3 Nd4 25. Qh3 exf5 26. Nf3 Ng4 27. bxc5 dxc5 28. Rfe1 Qd7 29. Nd5 Rde8 30. Ne5 Nxe5 31. fxe5 Bxe5 32. Kh1 Qg7 33. Bf4 Bxf4 34. Nxf4 Ka8 35. Rxe8+ Rxe8 36. Qh2 Rg8 37. Qg1 Qe5 38. Qf2 a6 39. Re1 Qf6 40. a4 Ka7 41. a5 Qd8 42. Re5 Qd6 43. Qe3 Qc6 44. Re7 h3 45. Qxh3 Qf6 46. Qe3 Qh4+ 47. Kg1 Qg4 48. Kf2 Qh4+ 49. g3 Qh2+ 50. Ng2 Qh5 51. Nh4 Qd1 52. g7 Qc2+ 53. Kf1 Qd1+ 54. Kg2 Qc2+ 55. Kh3 Qd1 56. Kh2 Qc2+ 57. Ng2 Qd1 58. Nf4 Qc2+ 59. Kh3 Qb1 60. Kh4 Qh1+ 61. Kg5 1-0

[Event "SC-2013-0-00211"]
[Site "LSS email"]
[Date "2014.01.20"]
[Round "?"]
[White "Bascetta, Biagio J"]
[Black "Eichner, Dieter"]
[Result "0-1"]
[WhiteElo "1549"]
[BlackElo "1960"]
[PlyCount "126"]
[EventDate "2013.12.24"]
[EventType "tourn (corr)"]
[EventRounds "6"]
[EventCountry "GER"]
[SourceTitle "Corr 2015"]
[Source "ChessBase"]
[SourceDate "2015.07.17"]
[SourceVersion "1"]
[SourceVersionDate "2015.07.17"]
[SourceQuality "1"]

1. e4 c5 2. Nf3 Nc6 3. Bc4 e6 4. 0-0 d5 5. exd5 exd5 6. Re1+ Be7 7. Bb5 Nf6 8. Qe2 Be6 9. Bxc6+ bxc6 10. d3 Nd7 11. c4 0-0 12. Nc3 Re8 13. Bf4 Nf8 14. Bg3 Qb6 15. Rac1 Bg4 16. Qc2 Bxf3 17. gxf3 Ne6 18. Kg2 d4 19. Ne2 Bg5 20. f4 Bh6 21. Rb1 f5 22. Qd2 Qb4 23. Qxb4 cxb4 24. Kf3 g6 25. h4 Bg7 26. h5 Nc5 27. Rbd1 Re6 28. Nc1 Rxe1 29. Rxe1 Kf7 30. Bh4 Ne6 31. Ne2 Re8 32. hxg6+ hxg6 33. Bg5 a5 34. Rh1 Nc5 35. Nc1 Na4 36. b3 Nc5 37. Kg2 Ne6 38. Kf1 Kg8 39. Kg2 c5 40. Kf3 Kf7 41. Kg3 a4 42. Kf3 axb3 43. axb3 Bf8 44. Rh7+ Ng7 45. Ne2 Ra8 46. Rh1 Ne6 47. Nc1 Ra1 48. Kg3 Rb1 49. Rh7+ Kg8 50. Rh1 Bd6 51. Kf3 Nxg5+ 52. fxg5 Kg7 53. Rg1 Kf7 54. Re1 Bc7 55. Rg1 Rb2 56. Rh1 Kg7 57. Rg1 Bd8 58. Rg2 Rd2 59. Rg1 Kf7 60. Kg3 Bxg5 61. f4 Be7 62. Rh1 g5 63. Kf3 Kg6 0-1

[Event "SC-2013-0-00211"]
[Site "LSS email"]
[Date "2014.01.20"]
[Round "?"]
[White "Bascetta, Biagio J"]
[Black "Seiler, Peter"]
[Result "1/2-1/2"]
[WhiteElo "1549"]
[BlackElo "1846"]
[PlyCount "46"]
[EventDate "2013.12.24"]
[EventType "tourn (corr)"]
[EventRounds "6"]
[EventCountry "GER"]
[SourceTitle "Corr 2015"]
[Source "ChessBase"]
[SourceDate "2015.07.17"]
[SourceVersion "1"]
[SourceVersionDate "2015.07.17"]
[SourceQuality "1"]

1. e4 e5 2. Nf3 Nf6 3. Nxe5 d6 4. Nf3 Nxe4 5. Nc3 Nxc3 6. dxc3 Be7 7. Bf4 Nc6 8. Qd2 Be6 9. 0-0-0 Qd7 10. Kb1 a6 11. h3 0-0-0 12. Ng5 Bxg5 13. Bxg5 f6 14. Be3 Rhe8 15. Be2 Qf7 16. b3 h5 17. Qd3 Ne5 18. Qe4 Kb8 19. Rhe1 g5 20. f4 Nc6 21. Qd3 gxf4 22. Bxf4 Ne5 23. Bxe5 fxe5 1/2-1/2

[Event "SC-2013-0-00208"]
[Site "LSS email"]
[Date "2013.12.28"]
[Round "?"]
[White "Schulz, Hans Juergen"]
[Black "Bascetta, Biagio J"]
[Result "1/2-1/2"]
[WhiteElo "1631"]
[BlackElo "1783"]
[PlyCount "56"]
[EventDate "2013.11.24"]
[EventType "tourn (corr)"]
[EventRounds "6"]
[EventCountry "GER"]
[SourceTitle "Telechess CBM 167"]
[Source "ChessBase"]
[SourceDate "2015.07.13"]
[SourceVersion "1"]
[SourceVersionDate "2015.07.13"]
[SourceQuality "1"]

1. e4 e5 2. Nf3 Nc6 3. Bb5 Nf6 4. 0-0 Nxe4 5. d4 Nd6 6. Bxc6 dxc6 7. dxe5 Nf5 8. Qxd8+ Kxd8 9. Nc3 Ke8 10. h3 h5 11. Bf4 Be7 12. Rad1 Nh4 13. Nd4 g5 14. Bc1 Rg8 15. f3 g4 16. hxg4 hxg4 17. f4 Nf5 18. Ne4 Kf8 19. Kf2 g3+ 20. Ke2 Nh4 21. f5 b6 22. c4 Rg4 23. Rf4 Rxf4 24. Bxf4 Nxf5 25. Nxc6 Bb7 26. Nxe7 Kxe7 27. Nxg3 Nxg3+ 28. Bxg3 Bxg2 1/2-1/2

[Event "SB-2013-0-00319"]
[Site "LSS email"]
[Date "2013.07.30"]
[Round "?"]
[White "Gruber, Rudolf"]
[Black "Bascetta, Biagio J"]
[Result "1/2-1/2"]
[WhiteElo "2005"]
[BlackElo "1782"]
[PlyCount "65"]
[EventDate "2013.07.01"]
[EventType "tourn (corr)"]
[EventRounds "6"]
[EventCountry "GER"]
[SourceTitle "Telechess CBM 163"]
[Source "ChessBase"]
[SourceDate "2014.11.11"]
[SourceVersion "2"]
[SourceVersionDate "2014.11.11"]
[SourceQuality "1"]

1. e4 Nf6 2. e5 Nd5 3. c4 Nb6 4. Nf3 d6 5. d4 g6 6. Nc3 Bg7 7. Be3 dxe5 8. Nxe5 c5 9. Be2 cxd4 10. Bxd4 0-0 11. 0-0 Be6 12. b3 N6d7 13. Nxd7 Qxd7 14. Bxg7 Qxd1 15. Raxd1 Kxg7 16. Bf3 Nc6 17. Bxc6 bxc6 18. Rd4 Rfd8 19. Rfd1 Rxd4 20. Rxd4 Bf5 21. Kf1 e5 22. Rd6 Rc8 23. c5 Kf8 24. Ke2 Ke7 25. f3 h5 26. h4 Rc7 27. Kf2 Rc8 28. Ke3 Rd8 29. Ne4 Rxd6 30. Nxd6 Ke6 31. b4 a6 32. a3 f6 33. Nc4 1/2-1/2

[Event "SB-2013-0-00319"]
[Site "LSS email"]
[Date "2013.07.30"]
[Round "?"]
[White "Rogachev, Vitaly Vasilievich"]
[Black "Bascetta, Biagio J"]
[Result "1-0"]
[WhiteElo "1953"]
[BlackElo "1782"]
[PlyCount "79"]
[EventDate "2013.07.01"]
[EventType "tourn (corr)"]
[EventRounds "6"]
[EventCountry "GER"]
[SourceTitle "Telechess CBM 163"]
[Source "ChessBase"]
[SourceDate "2014.11.11"]
[SourceVersion "2"]
[SourceVersionDate "2014.11.11"]
[SourceQuality "1"]

1. Nf3 Nf6 2. d4 g6 3. c4 Bg7 4. Nc3 d5 5. Qb3 dxc4 6. Qxc4 0-0 7. e4 a6 8. Be2 b5 9. Qb3 c5 10. dxc5 Be6 11. Qc2 Nbd7 12. Be3 Rc8 13. Rd1 b4 14. Nd5 Bxd5 15. exd5 Nxc5 16. 0-0 Nce4 17. Qb1 Nc5 18. Rc1 Qxd5 19. Rc4 Ne6 20. Rxb4 Qa5 21. Bd2 Nd5 22. Rb8 Qa4 23. Rxc8 Rxc8 24. b3 Qc6 25. Bc4 Nc3 26. Qe1 Nxa2 27. Ne5 Qd6 28. f4 Rb8 29. Kh1 Nd8 30. Ng4 Nb4 31. f5 Rb7 32. Bf4 Qd4 33. f6 Bxf6 34. Nxf6+ exf6 35. Bh6 Qe5 36. Qd2 Qe8 37. Rxf6 Nbc6 38. Rd6 Rb8 39. h3 Rc8 40. Bxa6 1-0

[Event "SC-2013-0-00184"]
[Site "LSS email"]
[Date "2013.05.07"]
[Round "?"]
[White "Dlugolecki, Grzegorz"]
[Black "Bascetta, Biagio J"]
[Result "1/2-1/2"]
[WhiteElo "1601"]
[BlackElo "1764"]
[PlyCount "31"]
[EventDate "2013.03.25"]
[EventType "tourn (corr)"]
[EventRounds "6"]
[EventCountry "GER"]
[SourceTitle "Corr 2015"]
[Source "ChessBase"]
[SourceDate "2015.07.17"]
[SourceVersion "1"]
[SourceVersionDate "2015.07.17"]
[SourceQuality "1"]

1. e4 Nf6 2. e5 Nd5 3. d4 d6 4. c4 Nb6 5. f4 dxe5 6. fxe5 Nc6 7. Be3 Bf5 8. Nc3 e6 9. Nf3 Bb4 10. Be2 0-0 11. Qd2 Na4 12. 0-0 Qe7 13. Rad1 h6 14. Qc1 Nxc3 15. bxc3 Ba3 16. Qd2 1/2-1/2

[Event "SC-2013-0-00184"]
[Site "LSS email"]
[Date "2013.05.06"]
[Round "?"]
[White "Korinek, Jaroslav"]
[Black "Bascetta, Biagio J"]
[Result "1-0"]
[WhiteElo "1737"]
[BlackElo "1764"]
[PlyCount "65"]
[EventDate "2013.03.25"]
[EventType "tourn (corr)"]
[EventRounds "6"]
[EventCountry "GER"]
[SourceTitle "Telechess CBM 161"]
[Source "ChessBase"]
[SourceDate "2014.07.16"]
[SourceVersion "1"]
[SourceVersionDate "2014.07.16"]
[SourceQuality "1"]

1. e4 Nf6 2. e5 Nd5 3. d4 d6 4. c4 Nb6 5. Nf3 g6 6. exd6 cxd6 7. Be2 Bg7 8. 0-0 0-0 9. h3 Nc6 10. Nc3 Bf5 11. Re1 h6 12. g4 Bc8 13. Be3 f5 14. gxf5 Bxf5 15. c5 dxc5 16. dxc5 Qxd1 17. Raxd1 Bxc3 18. bxc3 Na4 19. Bxh6 Rfe8 20. Bc4+ Kh7 21. Bc1 Nxc5 22. Ba3 Na4 23. Re3 Nb6 24. Bb3 Rac8 25. Rde1 Kh6 26. Nh4 e5 27. Rg3 e4 28. Bf7 Ne5 29. Bc1+ Kh7 30. Bxe8 Rxe8 31. Bf4 Nbc4 32. Bxe5 Nxe5 33. f4 1-0

[Event "SC-2013-0-00178"]
[Site "LSS email"]
[Date "2013.03.12"]
[Round "?"]
[White "Hoehne, Volkmar"]
[Black "Bascetta, Biagio J"]
[Result "1/2-1/2"]
[WhiteElo "1897"]
[BlackElo "1782"]
[PlyCount "68"]
[EventDate "2013.02.05"]
[EventType "tourn (corr)"]
[EventRounds "6"]
[EventCountry "GER"]
[SourceTitle "Telechess CBM 163"]
[Source "ChessBase"]
[SourceDate "2014.11.11"]
[SourceVersion "2"]
[SourceVersionDate "2014.11.11"]
[SourceQuality "1"]

1. e4 Nf6 2. e5 Nd5 3. d4 d6 4. Nf3 g6 5. Bc4 Nb6 6. Bb3 Bg7 7. Ng5 e6 8. Qf3 Qe7 9. Ne4 dxe5 10. Bg5 Qb4+ 11. c3 Qa5 12. Bf6 0-0 13. Bxg7 Kxg7 14. Qf6+ Kg8 15. Qxe5 Qxe5 16. dxe5 Nc6 17. f4 Kg7 18. Nbd2 a5 19. a4 Ne7 20. Nf3 Bd7 21. Nd4 Nf5 22. Nxf5+ exf5 23. Nc5 Bc6 24. Kf2 Rfd8 25. Rhd1 Nd5 26. Bxd5 Rxd5 27. Rxd5 Bxd5 28. Rd1 Bc6 29. Rd4 h5 30. h4 Kf8 31. Nd7+ Ke7 32. Nf6 Rd8 33. Rxd8 Kxd8 34. b3 Ke7 1/2-1/2

[Event "SC-2013-0-00175"]
[Site "LSS email"]
[Date "2013.02.12"]
[Round "?"]
[White "Bascetta, Biagio J"]
[Black "Carneiro, Luis Guilherme"]
[Result "1-0"]
[WhiteElo "1777"]
[BlackElo "1580"]
[PlyCount "37"]
[EventDate "2013.01.15"]
[EventType "tourn (corr)"]
[EventRounds "6"]
[EventCountry "GER"]
[SourceTitle "Telechess CBM 167"]
[Source "ChessBase"]
[SourceDate "2015.07.13"]
[SourceVersion "1"]
[SourceVersionDate "2015.07.13"]
[SourceQuality "1"]

1. d4 Nf6 2. c4 e6 3. Nc3 Bb4 4. Nf3 c5 5. g3 Ne4 6. Bd2 Bxc3 7. Bxc3 Nxc3 8. bxc3 0-0 9. Bg2 Qc7 10. Qd3 h6 11. 0-0 Nc6 12. d5 Ne5 13. Nxe5 Qxe5 14. f4 Qc7 15. d6 Qd8 16. a4 Rb8 17. a5 b6 18. axb6 Rxb6 19. Rxa7 1-0

[Event "SC-2013-0-00175"]
[Site "LSS email"]
[Date "2013.02.12"]
[Round "?"]
[White "Hoehne, Volkmar"]
[Black "Bascetta, Biagio J"]
[Result "1/2-1/2"]
[WhiteElo "1878"]
[BlackElo "1777"]
[PlyCount "185"]
[EventDate "2013.01.15"]
[EventType "tourn (corr)"]
[EventRounds "6"]
[EventCountry "GER"]
[SourceTitle "Telechess CBM 167"]
[Source "ChessBase"]
[SourceDate "2015.07.13"]
[SourceVersion "1"]
[SourceVersionDate "2015.07.13"]
[SourceQuality "1"]

1. d4 Nf6 2. c4 e6 3. Nc3 d5 4. cxd5 exd5 5. Bg5 Be7 6. e3 c6 7. Qc2 Nbd7 8. Bd3 0-0 9. Nge2 Re8 10. 0-0 Nf8 11. f3 Nh5 12. Bxe7 Rxe7 13. e4 dxe4 14. fxe4 Bg4 15. Rad1 Ne6 16. e5 g6 17. Bc4 Qb6 18. Qe4 Bxe2 19. Nxe2 Nhg7 20. b3 Rd7 21. Qh4 Rad8 22. Rd3 h5 23. Rdf3 Nf5 24. Rxf5 gxf5 25. Kh1 Ng7 26. Qg5 Rxd4 27. Nxd4 Qxd4 28. Qe7 Rf8 29. Qxb7 h4 30. Qxc6 Qxe5 31. Qb7 a5 32. a4 Ne8 33. Qb5 Qxb5 34. axb5 Nd6 35. Rd1 Rd8 36. Kg1 Kf8 37. Rd4 h3 38. Bf1 hxg2 39. Kxg2 Ke7 40. Ra4 Ra8 41. Kf3 Rh8 42. h3 Nxb5 43. Bxb5 Rxh3+ 44. Kf4 Rxb3 45. Rxa5 Kd6 46. Be2 Rc3 47. Rxf5 Ke6 48. Ra5 Kd6 49. Bf3 Rc4+ 50. Be4 f5 51. Rxf5 Rc7 52. Rf6+ Kc5 53. Ke3 Kc4 54. Rd6 Kc5 55. Rd2 Ra7 56. Rd1 Ra3+ 57. Kf4 Ra7 58. Bf5 Re7 59. Rd8 Kc4 60. Be4 Kc5 61. Ke3 Ra7 62. Rc8+ Kd6 63. Rc4 Ke5 64. Rc5+ Kd6 65. Rh5 Ra1 66. Bd3 Ra4 67. Kd2 Rg4 68. Kc3 Kc6 69. Bc4 Kd6 70. Kb4 Rd4 71. Kb5 Rd1 72. Bb3 Rd3 73. Kc4 Rd2 74. Kc3 Rg2 75. Bd5 Rg4 76. Bb7 Ra4 77. Bd5 Rg4 78. Rf5 Rh4 79. Bg2 Rg4 80. Bf1 Rh4 81. Bd3 Ke6 82. Rf3 Ke5 83. Re3+ Kd5 84. Bc2 Rc4+ 85. Kd2 Rd4+ 86. Bd3 Rg4 87. Re8 Kd4 88. Rd8+ Ke5 89. Ke3 Rg3+ 90. Kf2 Rh3 91. Bf1 Ra3 92. Bd3 Ra4 93. Ke3 1/2-1/2

[Event "SC-2012-0-00171"]
[Site "LSS email"]
[Date "2013.01.16"]
[Round "?"]
[White "Bascetta, Biagio J"]
[Black "Kaloev, Todor"]
[Result "1/2-1/2"]
[WhiteElo "1782"]
[BlackElo "1762"]
[PlyCount "53"]
[EventDate "2012.12.25"]
[EventType "tourn (corr)"]
[EventRounds "6"]
[EventCountry "GER"]
[SourceTitle "Telechess CBM 163"]
[Source "ChessBase"]
[SourceDate "2014.11.11"]
[SourceVersion "2"]
[SourceVersionDate "2014.11.11"]
[SourceQuality "1"]

1. d4 Nf6 2. c4 e6 3. Nf3 b6 4. a3 Ba6 5. Qc2 Bb7 6. Nc3 c5 7. e3 cxd4 8. exd4 Be7 9. Be3 0-0 10. Bd3 Kh8 11. 0-0 Bxf3 12. gxf3 Nh5 13. Kh1 f5 14. Rg1 Nc6 15. d5 Ne5 16. Be2 Ng6 17. Rad1 Qc8 18. b4 Nhf4 19. Bf1 Rb8 20. Qd2 e5 21. Ne2 Nxe2 22. Qxe2 Bf6 23. Qd3 Nh4 24. f4 e4 25. Qc2 d6 26. Rg3 Rd8 27. Be2 1/2-1/2

[Event "SC-2012-0-00171"]
[Site "LSS email"]
[Date "2013.01.14"]
[Round "?"]
[White "Huerga, Aser"]
[Black "Bascetta, Biagio J"]
[Result "1-0"]
[WhiteElo "2174"]
[BlackElo "1782"]
[PlyCount "89"]
[EventDate "2012.12.25"]
[EventType "tourn (corr)"]
[EventRounds "6"]
[EventCountry "GER"]
[SourceTitle "Telechess CBM 163"]
[Source "ChessBase"]
[SourceDate "2014.11.11"]
[SourceVersion "2"]
[SourceVersionDate "2014.11.11"]
[SourceQuality "1"]

1. e4 c6 2. d4 d5 3. e5 Bf5 4. Nf3 e6 5. Be2 a6 6. 0-0 h6 7. Be3 Nd7 8. Nbd2 Ne7 9. Rc1 Bh7 10. c4 Nf5 11. c5 Be7 12. b4 a5 13. b5 0-0 14. Qa4 Nxe3 15. fxe3 Qc8 16. Rfe1 Qc7 17. Bd1 cxb5 18. Qxb5 Qc6 19. Qxc6 bxc6 20. Ba4 Rfc8 21. e4 dxe4 22. Nxe4 Bxe4 23. Rxe4 Rab8 24. a3 Rb2 25. Ree1 g5 26. Rc2 Rxc2 27. Bxc2 Nxc5 28. dxc5 Bxc5+ 29. Kf1 Bxa3 30. Re3 Bb4 31. Ke2 c5 32. Nd2 Rd8 33. Rd3 Rd5 34. Nc4 Kf8 35. Rxd5 exd5 36. Nb6 Bc3 37. Kd3 Bb2 38. Nxd5 Bxe5 39. h3 h5 40. Kc4 Bd4 41. Kb5 g4 42. hxg4 hxg4 43. Kxa5 g3 44. Kb5 Ke8 45. Kc6 1-0

[Event "SC-2012-0-00161"]
[Site "LSS email"]
[Date "2012.11.11"]
[Round "?"]
[White "Bascetta, Biagio J"]
[Black "Willmann, Bernd"]
[Result "1-0"]
[WhiteElo "1782"]
[BlackElo "1965"]
[PlyCount "87"]
[EventDate "2012.09.26"]
[EventType "tourn (corr)"]
[EventRounds "6"]
[EventCountry "GER"]
[SourceTitle "Telechess CBM 163"]
[Source "ChessBase"]
[SourceDate "2014.11.11"]
[SourceVersion "2"]
[SourceVersionDate "2014.11.11"]
[SourceQuality "1"]

1. d4 Nf6 2. c4 e6 3. Nc3 Bb4 4. Qc2 0-0 5. a3 Bxc3+ 6. Qxc3 b6 7. Bg5 Bb7 8. e3 d6 9. Ne2 Nbd7 10. f3 h6 11. Bh4 Re8 12. 0-0-0 d5 13. Kb1 c5 14. Qc2 Qe7 15. Nc3 cxd4 16. exd4 dxc4 17. Bxc4 Rac8 18. Qd3 Red8 19. Qe2 Nf8 20. d5 e5 21. f4 Ng6 22. fxe5 Nxh4 23. exf6 Qxf6 24. Rhf1 Qd6 25. g3 Ng6 26. Nb5 Qe5 27. Nxa7 Rc5 28. d6 Qe4+ 29. Bd3 Qxe2 30. Bxe2 Be4+ 31. Ka1 Rc2 32. Bb5 Ne5 33. Rfe1 f5 34. d7 Nf3 35. Rxe4 fxe4 36. Nc6 Rxc6 37. Bxc6 Kf7 38. Bxe4 Nxh2 39. Bf5 g6 40. Bh3 h5 41. Rd2 Ng4 42. Bxg4 hxg4 43. Ka2 Ke6 44. Kb3 1-0

[Event "SC-2012-0-00161"]
[Site "LSS email"]
[Date "2012.11.11"]
[Round "?"]
[White "Haim, Alain"]
[Black "Bascetta, Biagio J"]
[Result "0-1"]
[WhiteElo "1552"]
[BlackElo "1782"]
[PlyCount "80"]
[EventDate "2012.09.26"]
[EventType "tourn (corr)"]
[EventRounds "6"]
[EventCountry "GER"]
[SourceTitle "Telechess CBM 163"]
[Source "ChessBase"]
[SourceDate "2014.11.11"]
[SourceVersion "2"]
[SourceVersionDate "2014.11.11"]
[SourceQuality "1"]

1. d4 Nf6 2. c4 e6 3. Nc3 Bb4 4. Qc2 d5 5. a3 Bxc3+ 6. Qxc3 Ne4 7. Qc2 c5 8. dxc5 Nc6 9. e3 Qa5+ 10. Bd2 Qxc5 11. b4 Qe7 12. Bc1 0-0 13. Nf3 Bd7 14. Bd3 f5 15. 0-0 Rac8 16. Qb3 dxc4 17. Bxc4 Nd6 18. Be2 Rfd8 19. Bb2 a6 20. Rac1 Be8 21. Nd4 Nxd4 22. Bxd4 Bc6 23. Bb6 Rd7 24. Rfd1 Bd5 25. Qb1 Nc4 26. Bc5 Qg5 27. g3 b5 28. Qa1 Qg6 29. Bf1 Qh5 30. Bg2 Rcd8 31. Bxd5 Rxd5 32. Rxd5 Rxd5 33. Bd4 e5 34. Bc3 Qf3 35. Be1 h5 36. h4 f4 37. exf4 exf4 38. Rc3 Qe2 39. a4 Rd1 40. Rc1 Qxe1+ 0-1

[Event "SC-2012-0-00159"]
[Site "LSS email"]
[Date "2012.10.19"]
[Round "?"]
[White "Bascetta, Biagio J"]
[Black "Herzog, Klaus"]
[Result "1/2-1/2"]
[WhiteElo "1782"]
[BlackElo "1787"]
[PlyCount "26"]
[EventDate "2012.09.03"]
[EventType "tourn (corr)"]
[EventRounds "6"]
[EventCountry "GER"]
[SourceTitle "Corr 2015"]
[Source "ChessBase"]
[SourceDate "2015.07.17"]
[SourceVersion "1"]
[SourceVersionDate "2015.07.17"]
[SourceQuality "1"]

1. e4 e5 2. Nf3 Nf6 3. Nxe5 d6 4. Nf3 Nxe4 5. c4 Nc6 6. Nc3 Nxc3 7. dxc3 Be7 8. h3 Be6 9. Bf4 Qd7 10. Qc2 Bf5 11. Bd3 Bxd3 12. Qxd3 Qe6+ 13. Be3 Ne5 1/2-1/2

[Event "SC-2012-0-00159"]
[Site "LSS email"]
[Date "2012.10.19"]
[Round "?"]
[White "Bujdak, Pavol"]
[Black "Bascetta, Biagio J"]
[Result "1/2-1/2"]
[WhiteElo "1591"]
[BlackElo "1782"]
[PlyCount "52"]
[EventDate "2012.09.03"]
[EventType "tourn (corr)"]
[EventRounds "6"]
[EventCountry "GER"]
[SourceTitle "Telechess CBM 163"]
[Source "ChessBase"]
[SourceDate "2014.11.11"]
[SourceVersion "2"]
[SourceVersionDate "2014.11.11"]
[SourceQuality "1"]

1. e4 e5 2. Nf3 Nc6 3. Bb5 Nf6 4. 0-0 Nxe4 5. d4 Nd6 6. Bxc6 dxc6 7. dxe5 Nf5 8. Qxd8+ Kxd8 9. Nc3 Ke8 10. h3 h5 11. Bf4 Be7 12. Rad1 Be6 13. Ng5 Rh6 14. Nxe6 Rxe6 15. Rfe1 g5 16. Bh2 Bb4 17. g4 Nh4 18. Re3 f5 19. exf6 Rxe3 20. fxe3 Bxc3 21. bxc3 hxg4 22. hxg4 Nf3+ 23. Kg2 Nxh2 24. Kxh2 Kf7 25. Rd7+ Kxf6 26. Kg3 Re8 1/2-1/2

[Event "SC-2012-0-00159"]
[Site "LSS email"]
[Date "2012.10.17"]
[Round "?"]
[White "Isea Fernandez, Gerardo Alberto"]
[Black "Bascetta, Biagio J"]
[Result "0-1"]
[WhiteElo "1600"]
[BlackElo "1782"]
[PlyCount "46"]
[EventDate "2012.09.03"]
[EventType "tourn (corr)"]
[EventRounds "6"]
[EventCountry "GER"]
[SourceTitle "Telechess CBM 163"]
[Source "ChessBase"]
[SourceDate "2014.11.11"]
[SourceVersion "2"]
[SourceVersionDate "2014.11.11"]
[SourceQuality "1"]

1. e4 e5 2. Nf3 Nc6 3. Bb5 Nf6 4. 0-0 Nxe4 5. d4 Nd6 6. Bxc6 dxc6 7. dxe5 Nf5 8. Qxd8+ Kxd8 9. Bg5+ Ke8 10. Nc3 h6 11. Bd2 Be6 12. Ne4 Rd8 13. Bc3 Be7 14. Rad1 Rxd1 15. Rxd1 Bd5 16. Ned2 h5 17. Nd4 Nxd4 18. Bxd4 Kd8 19. c4 Be6 20. b3 Kc8 21. Nf1 Rd8 22. Rd2 Bb4 23. Rd1 c5 0-1